El secreto de Maston (sans desuss dessous) / (Record no. 174913)

MARC details
000 -LEADER
campo de control de longitud fija 00791nam a22002055i 4500
001 - NÚMERO DE CONTROL
campo de control 174913
003 - IDENTIFICADOR DE NÚMERO DE CONTROL
campo de control ES-MaACL
005 - FECHA Y HORA DE LA ÚLTIMA TRANSACCIÓN
campo de control 20250818063115.0
008 - DATOS DE LONGITUD FIJA--INFORMACIÓN GENERAL
campo de control de longitud fija 100701q18701925sp a |||| | spa d
040 ## - FUENTE DE CATALOGACIÓN
Centro catalogador/agencia de origen CAM
Lengua de catalogación spa
Centro/agencia transcriptor CAM
080 ## - NÚMERO DE LA CLASIFICACIÓN DECIMAL UNIVERSAL
Número de la Clasificación Decimal Universal 821.133.1-31"18"
100 1# - ENTRADA PRINCIPAL--NOMBRE DE PERSONA
Nombre de persona Verne, Jules,
Fechas asociadas al nombre 1828-1905
9 (RLIN) 188654
245 13 - MENCIÓN DEL TÍTULO
Título El secreto de Maston (sans desuss dessous) /
Mención de responsabilidad, etc. obra escrita en francés por Julio Verne.
260 ## - PUBLICACIÓN, DISTRIBUCIÓN, ETC.
Lugar de publicación, distribución, etc. Madrid :
Nombre del editor, distribuidor, etc. Sáenz de Jubera, Hermanos,
Fecha de publicación, distribución, etc. [s.a.] (
Fabricante Est, tip. de los Sucesores de Rivadeneyra)
300 ## - DESCRIPCIÓN FÍSICA
Extensión 2 v. (60, 63 p.) :
Otras características físicas il. ;
Dimensiones 27 cm.
596 #1 - NOTA AL PIE DE IMPRENTA
NOTA AL PIE DE IMPRENTA Sáenz de Jubera Hermanos ejerce ca. 1870-1925.
597 #1 - NOTA DE DESCRIPCIÓN FÍSICA
NOTA DE DESCRIPCIÓN FÍSICA Texto a dos col.
852 ## - LOCALIZACIÓN
Ubicación ES-MaACL
Número de control de estantería B-12395(12-13)
Nota libre .- Enc. ed. en tela roja con planchas polícromas
Holdings
Estatus retirado Estado de pérdida Estado de daño No para préstamo Biblioteca de origen Biblioteca actual Ubicación en estantería Fecha de adquisición Fuente de adquisición Total de préstamos Signatura topográfica completa Código de barras Visto por última vez Precio de reemplazo Tipo de ítem Koha
        Biblioteca del Ateneo de Madrid Biblioteca del Ateneo de Madrid Sala Pardo Bazán 01/07/2010     B-12395(12-13) 1183647 23/02/2023 23/02/2023 Libro impreso